mysqli: Table './ulib62015/stat_globaluid' is marked as crashed and should be repaired
select id from stat_globaluid where statuid='20260517200345_302'
mysqli: Table './ulib62015/stat_globaluid' is marked as crashed and should be repaired
DELETE FROM stat_globaluid
WHERE id NOT IN (
SELECT id
FROM (
SELECT id
FROM stat_globaluid
ORDER BY id DESC
LIMIT 100
) foo
);
mysqli: Table './ulib62015/stat_globaluid' is marked as crashed and should be repaired
insert into stat_globaluid set
statuid='20260517200345_302',
dt='1779023025',
phpself='/ULIB62015/dublinfull.php',
agent='Mozilla/5.0 AppleWebKit/537.36 (KHTML, like Gecko; compatible; ClaudeBot/1.0; +claudebot@anthropic.com)',
yea='2026',
mon='5',
dat='17',
ip='216.73.216.45'
mysqli: Table './ulib62015/stathist_viewbib_bib_type' is marked as crashed and should be repaired
insert into stathist_viewbib_bib_type set
dat='17' ,
mon='05' ,
yea='2026' ,
statuid='20260517200345_302' ,
head='13399122863' ,
foot='marc' ,
dt='1779023025'
| LEADER : 00000nam 2200000uu 4500 |
| 001 13399122863 |
| 003 ULIB |
| 008 201107s2560||||th 000 0 tha d |
| 020 ^a9786164406834
|
| 060 04 ^aWC528^bจ152ช 2560
|
| 100 0 ^aจรวย สุวรรณบำรุง
|
| 245 10 ^aไชยาโมเดล :^bโมเดลเครือข่ายระบบเฝ้าระวังดัชนีลูกน้ำยุงลายเพื่อแก้ปัญหาโรคไข้เลือดออกอย่างยั่งยืนจากระดับอำเภอสู่จังหวัด /^cจรวย สุวรรณบำรุง
|
| 250 ^aพิมพ์ครั้งที่ 1
|
| 260 ^aนครศรีธรรมราช :^bก.พลการพิมพ์,^c2560.
|
| 300 ^aก-ฝ, 226หน้า :^bภาพประกอบ ;^c30 ซม.
|
| 650 4 ^aไข้เลือดออก^xการป้องกันและควบคุม
|
| 650 4 ^aไข้เลือดออก^xการป้องกันและควบคุม^zไทย^zนครศรีธรรมราช
|
| 710 2 ^aมหาวิทยาลัยวลัยลักษณ์.^bสำนักวิชาสาธารณสุขศาสตร์.^bหน่วยวิจัยและบริการวิชาการโรคไข้เลือดออก
|
| 945 ^p220^l0^i028360
|
| 945 ^p220^l0^i028361 |
| 999 ^a57066
|
| คุณยังไม่ได้ล็อกอิน คุณสามารถมีกิจกรรมร่วมกับเว็บไซต์ได้ แต่ต้องล็อกอินก่อน :: |
|
|
|
| ลำดับที่ |
ประเภท |
เลขเรียก/บาร์โค้ด |
สถานที่ |
สถานะ |
| 1. |
 หนังสือ | WC528 จ152ช 2560 ฉ.1 Barcode: 028360 | หนังสือทั่วไป | บนชั้น ขอยืม |
| Note:งบประมาณปี 2563 |
| 2. |
 หนังสือ | WC528 จ152ช 2560 ฉ.2 Barcode: 028361 | หนังสือทั่วไป | บนชั้น ขอยืม |
| Note:งบประมาณปี 2563 |
รายการใกล้เคียง
ผู้แต่ง [จรวย สุวรรณบำรุง]
|
|
ยังไม่เคยถูกคอมเมนท์
|
| คอมเมนท์ทรัพยากรรายการนี้ |
|